000 00257nam a2200097Ia 4500
001 722696
005 20250826163316.0
008 250824s9999 xx 000 0 und d
245 0 _aÇİÇEKLERİMİ VERDİM RÜZGARA
_cDEBBIE MACOMBER
260 _bMARTI YAYINLARI
999 _c722696
_d722696